Moby Dick / (Registro nro. 10992)

Detalles MARC
000 -LIDER
fixed length control field 00866nam a2200301 4500
001 - NÚMERO DE CONTROL
Identificador de número de control 01172065
003 - IDENTIFICACDOR DE NÚMERO DE CONTROL
control field DO-SdBNP
005 - DATE AND TIME OF LATEST TRANSACTION
control field 20240516092312.0
007 - CAMPOS FIJOS DE DESCRIPCIÓN FÍSICA
fixed length control field 01172065
008 - ELEMENTOS DE LONGITUD FIJA
fixed length control field 930725s1975 sp spa
017 ## - NÚMERO DE REGISTRO DE DERECHOS DE AUTOR
Copyright or legal deposit number
Assigning agency
020 ## - ISBN
International Standard Book Number 8422606453
035 ## - NÚMERO LOCAL
System control number
040 ## - FUENTE DE CATALOGACIÓN
Agencia que crea de manera original el registro BPMSU
Idioma de catalogación spa
Agencia que realiza la transcripción BPMSU
080 ## - NÚMERO DE CLASIFICACIÓN DECIMAL UNIVERSAL
Universal Decimal Classification number
082 #4 - NÚMERO DE CLASIFICACIÓN DECIMAL DE DEWEY
Classification number 813.3
Item number M531m 1975
Edition number 22
100 1# - ASIENTO PRINCIPAL -- NOMBRE PERSONAL
Nombre personal Melville, Herman
Fechas asociadas con el nombre 1819-1891
245 10 - MENCIÓN DE TITULO
Título Moby Dick /
Mención de responsabilidad Herman Melville ; Traducción José Antonio Vidal Sales /
Medio (Designación general de material)
260 ## - PUBLICACIÓN, DISTRIBUCIÓN, ETC. (PIE DE IMPRENTA)
Lugar de publicación, distribución, etc Barcelona :
Nombre del editor, distribuidor, etc. Círculo de Lectores,
Fecha de publicación, distribución, etc 1975
300 ## - DESCRIPCIÓN FÍSICA
Extensión 239 p.;
Dimensiones 20 cm.
490 0# - MENCIÓN DE SERIES
Mención de serie Círculo de lectores
590 ## - NOTA LOCAL
Texto de la nota local Inventariado, 2024/VM
650 #4 - ENCABEZAMIENTO DE MATERIA--TEMÁTICO
Término temático o nombre geográfico como elemento de entrada Novela juvenil estadounidense
650 #4 - ENCABEZAMIENTO DE MATERIA--TEMÁTICO
Término temático o nombre geográfico como elemento de entrada Ballenas
Subdivisión temática general Novela juvenil
700 1# - ASIENTO SECUNDARIO -- NOMBRE PERSONAL
Nombre personal Vidal Sales, José Antonio
Mención de responsabilidad tr.
910 ## - VALIDACIÓN
Validación VMateo V. Control de calidad. BPMSU
942 ## - ADDED ENTRY ELEMENTS (KOHA)
Source of classification or shelving scheme Dewey Decimal Classification
Koha item type Libros
Existencias
Withdrawn status Lost status Source of classification or shelving scheme Damaged status Not for loan Collection code Home library Current library Date acquired Source of acquisition Total Checkouts Full call number Barcode Date last seen Price effective from Koha item type Copy number
    Dewey Decimal Classification     Colección Juvenil General Biblioteca Pública Metropolitana Salomé Ureña Biblioteca Pública Metropolitana Salomé Ureña 07/20/2016 FUNDI   BPUMSU CJG 813.36 M531m 1975 BPMSU16070607 07/20/2016 07/20/2016 Libros  
    Dewey Decimal Classification     Colección Juvenil General Biblioteca Pública Metropolitana Salomé Ureña Biblioteca Pública Metropolitana Salomé Ureña 07/20/2016 FUNDI   BPUMSU CJG 813.36 M531m 1975 BPMSU16070608 07/20/2016 07/20/2016 Libros e.2
    Dewey Decimal Classification     Colección Juvenil General Biblioteca Pública Metropolitana Salomé Ureña Biblioteca Pública Metropolitana Salomé Ureña 01/30/2018 FUNDI   BPUMSU CJG 813.36 M531m 1975 BPMSU18010081 01/30/2018 01/30/2018 Libros e.3